000 00537nmc a2200193 a 4500
003 AR-X00000XY
005 20251128212024.0
008 177020s1961 ||||||||||||||000 | spa||
040 _cAR-X00000XY
100 1 _aFrioux, Claude
245 1 0 _aMaiakovski par lui-même
260 _aParis
_bEditions du Seuil
_c1961
300 0 _a191 p.
_bil.
490 0 _aCollections Microcosme. Ecrivains de toujours
_v56
500 0 _aCon anotaciones manuscritas de Alejandra Pizarnik
655 _aLITERATURA
942 _cBK
998 _cmartin
999 _c22115
_d22115